| 000 | 00390nam a22001577a 4500 | ||
|---|---|---|---|
| 008 | 250526b |||||||| |||| 00| 0 eng d | ||
| 020 | _a0582256321 | ||
| 050 |
_aTA439 _b.H55 |
||
| 100 | _aHillier, M.J. | ||
| 245 | _aApplied mechanics | ||
| 250 | _a3rd | ||
| 260 |
_aEngland _bPearson education limited _c1999 |
||
| 300 |
_axi, 448 p. _bill. |
||
| 650 | _amechanics, Applied | ||
| 942 | _cBK | ||
| 999 |
_c3688 _d3688 |
||